Текст томруулах:    
Management science and policy analysis (Бичлэгийн дугаар. 146108)
000 -УДИРДЛАГА
Удирдлага 00979nam a22002657a 4500
003 - ХЯНАЛТЫН ТОО ТОДОРХОЙЛОГЧ
Код MN-UlNUM
005 - БИЧИЛТ ХИЙСЭН ОГНОО
Тухайн бичилтийг бичсэн засварласан сүүлийн огноо 20260107095902.0
008 - ЕРӨНХИЙ МЭДЭЭЛЭЛ
Ерөнхий мэдээлэл 260107s1987 dcu||||| |||| 00| 0 eng c
040 ## - БИЧЛЭГ ҮҮСГЭГЧ БАЙГУУЛЛАГА
Бичлэг үүсгэгч номын сангийн код МУИС-ийн номын сан
084 ## - ББК АНГИЛАЛ
Нэмэлт тусгалт Бусад
ББК ангилал 65.290-2
Зохиогчийн гурван тэмдэгт M 24
Мэдлэгийн ялгаа 65 - Эдийн засаг
245 00 - ҮНДСЭН ГАРЧИГ
Номын нэр Management science and policy analysis
246 ## - ЗЭРЭГЦЭЭ ГАРЧИГ
Зэрэгцээ гарчиг Management science and policy analysis journal-letter
260 ## - ГАРАЛТЫН МЭДЭЭ
Хэвлэгдсэн газар Washington, D.C. :
Хэвлэлийн газар American Society for Public Administration, Section on Management Science and Policy Analysis,
Хэвлэгдсэн он 1987
300 ## - МАТЕРИАЛЫН ТОДОРХОЙЛОЛТ
хуудасны тоо 5 volumes ;
Хэмжээ 22-24 cm
500 ## - Тайлбар
Дансны дугаар БС 4803
546 ## - ХЭЛНИЙ ТУХАЙ МЭДЭЭ
Хэл Англи хэл дээр,
653 ## - Түлхүүр үг
Түлхүүр үг public administration
653 ## - Түлхүүр үг
Түлхүүр үг policy sciences
740 ## - НОМЫН ГАРЧИГ
Гарчиг A Mathematical model of the politics of public budgeting
740 ## - НОМЫН ГАРЧИГ
Гарчиг On the solution of spatial competitive market equilibria policy models
740 ## - НОМЫН ГАРЧИГ
Гарчиг Optimization in the presence of mandated requirements
740 ## - НОМЫН ГАРЧИГ
Гарчиг Social program evaluation and fund allocation
942 ## - ЭЛЕМЕНТИЙН ТӨРӨЛ
Зүйлийн төрөл Ном